<?xml version="1.0" encoding="UTF-8"?>
<record
    xmlns:xsi="http://www.w3.org/2001/XMLSchema-instance"
    xsi:schemaLocation="http://www.loc.gov/MARC21/slim http://www.loc.gov/standards/marcxml/schema/MARC21slim.xsd"
    xmlns="http://www.loc.gov/MARC21/slim">

  <leader>01762nam a2200337 i 4500</leader>
  <controlfield tag="001">000014075</controlfield>
  <controlfield tag="003">DO-SdBNP</controlfield>
  <controlfield tag="005">20250715101153.0</controlfield>
  <controlfield tag="007">ta</controlfield>
  <controlfield tag="008">091203t1976    dr            001 e spa d</controlfield>
  <datafield tag="040" ind1=" " ind2=" ">
    <subfield code="a">DO-SdBNP</subfield>
    <subfield code="b">spa</subfield>
    <subfield code="c">BNPHU</subfield>
    <subfield code="e">rda</subfield>
  </datafield>
  <datafield tag="041" ind1=" " ind2=" ">
    <subfield code="a">spa</subfield>
  </datafield>
  <datafield tag="082" ind1=" " ind2="4">
    <subfield code="a">RD864.42</subfield>
    <subfield code="b">H519e</subfield>
    <subfield code="2">22</subfield>
  </datafield>
  <datafield tag="100" ind1="1" ind2=" ">
    <subfield code="a">Henr&#xED;quez Ure&#xF1;a, Pedro,</subfield>
    <subfield code="d">1884-1946   </subfield>
    <subfield code="e">autor</subfield>
    <subfield code="9">1718</subfield>
    <subfield code="4">aut.</subfield>
  </datafield>
  <datafield tag="245" ind1="1" ind2="0">
    <subfield code="a">Ensayos :</subfield>
    <subfield code="b">(selecci&#xF3;n) /</subfield>
    <subfield code="c">Pedro Henr&#xED;quez Ure&#xF1;a ; pr&#xF3;logo de Jos&#xE9; Alc&#xE1;ntara Alm&#xE1;nzar.</subfield>
  </datafield>
  <datafield tag="264" ind1=" " ind2=" ">
    <subfield code="a">Santo Domingo, Rep&#xFA;blica Dominicana :  </subfield>
    <subfield code="b">Editora Taller,</subfield>
    <subfield code="c">1976.</subfield>
  </datafield>
  <datafield tag="300" ind1=" " ind2=" ">
    <subfield code="a">xxxiv, 386 p&#xE1;ginas ;</subfield>
    <subfield code="c">21 cm.</subfield>
  </datafield>
  <datafield tag="336" ind1=" " ind2=" ">
    <subfield code="a">rdacontent</subfield>
    <subfield code="b">texto</subfield>
    <subfield code="2">txt</subfield>
  </datafield>
  <datafield tag="337" ind1=" " ind2=" ">
    <subfield code="a">rdamedia</subfield>
    <subfield code="b">sin mediaci&#xF3;n</subfield>
    <subfield code="2">n</subfield>
  </datafield>
  <datafield tag="338" ind1=" " ind2=" ">
    <subfield code="a">rdacarrier</subfield>
    <subfield code="b">volumen</subfield>
    <subfield code="2">nc</subfield>
  </datafield>
  <datafield tag="490" ind1=" " ind2=" ">
    <subfield code="a">Biblioteca Taller ; </subfield>
    <subfield code="v">67</subfield>
  </datafield>
  <datafield tag="504" ind1=" " ind2=" ">
    <subfield code="a">Incluye bibliograf&#xED;a y notas al pie de p&#xE1;ginas.</subfield>
  </datafield>
  <datafield tag="505" ind1="0" ind2=" ">
    <subfield code="g">Pr&#xF3;logo a la edici&#xF3;n cubana /</subfield>
    <subfield code="r">Jos&#xE9; Rodr&#xED;guez Feo --</subfield>
    <subfield code="g">Pr&#xF3;logo a la edici&#xF3;n dominicana /</subfield>
    <subfield code="r">Jos&#xE9; Alc&#xE1;ntara Alm&#xE1;nzar.</subfield>
    <subfield code="t">Ensayos cr&#xED;ticos --</subfield>
    <subfield code="t">Cuestiones filos&#xF3;ficas --</subfield>
    <subfield code="t">Literatura espa&#xF1;ola y americana --</subfield>
    <subfield code="t">De mi patria --</subfield>
    <subfield code="t">Seis ensayos en busca de nuestra expresi&#xF3;n --</subfield>
    <subfield code="t">En la orilla, mi Espa&#xF1;a --</subfield>
    <subfield code="t">En torno a Azor&#xED;n --</subfield>
    <subfield code="t">Figuras --</subfield>
    <subfield code="t">Panorama de la otra Am&#xE9;rica --</subfield>
    <subfield code="t">Plenitud de Espa&#xF1;a --</subfield>
    <subfield code="t">Lope de Vega --</subfield>
    <subfield code="t">Apuntaciones marginales --</subfield>
    <subfield code="t">Antolog&#xED;a de art&#xED;culos y conferencias --</subfield>
    <subfield code="t">Notas --</subfield>
    <subfield code="t">Pedro Henr&#xED;quez Ure&#xF1;a y su &#xE9;poca.</subfield>
  </datafield>
  <datafield tag="534" ind1=" " ind2=" ">
    <subfield code="p">Publicado originalmente:</subfield>
    <subfield code="t">Selecci&#xF3;n de ensayos.</subfield>
    <subfield code="c">La Habana : Casa de las Am&#xE9;ricas, 1974.</subfield>
  </datafield>
  <datafield tag="590" ind1=" " ind2=" ">
    <subfield code="a">Inventariado, 2025/DG</subfield>
  </datafield>
  <datafield tag="650" ind1=" " ind2="0">
    <subfield code="a">Ensayos dominicanos</subfield>
    <subfield code="9">65</subfield>
  </datafield>
  <datafield tag="650" ind1=" " ind2="0">
    <subfield code="a">Literatura dominicana.</subfield>
    <subfield code="9">67</subfield>
  </datafield>
  <datafield tag="700" ind1="1" ind2=" ">
    <subfield code="a">Alc&#xE1;ntara Alm&#xE1;nzar, Jos&#xE9;</subfield>
    <subfield code="d">1946-</subfield>
    <subfield code="e">prologuista</subfield>
    <subfield code="9">7018</subfield>
    <subfield code="4">pr.</subfield>
  </datafield>
  <datafield tag="910" ind1=" " ind2=" ">
    <subfield code="a">Validado. Control de calidad EMS.</subfield>
  </datafield>
  <datafield tag="942" ind1=" " ind2=" ">
    <subfield code="2">ddc</subfield>
    <subfield code="c">LBS1</subfield>
  </datafield>
  <datafield tag="952" ind1=" " ind2=" ">
    <subfield code="0">0</subfield>
    <subfield code="1">0</subfield>
    <subfield code="2">ddc</subfield>
    <subfield code="5">3</subfield>
    <subfield code="7">0</subfield>
    <subfield code="8">PD</subfield>
    <subfield code="a">BNPHU</subfield>
    <subfield code="b">BNPHU</subfield>
    <subfield code="c">HD</subfield>
    <subfield code="d">2009-12-03</subfield>
    <subfield code="l">0</subfield>
    <subfield code="o">BNPHU PD RD864.42 H519e</subfield>
    <subfield code="p">14075-10</subfield>
    <subfield code="r">2020-06-25</subfield>
    <subfield code="w">2020-06-25</subfield>
    <subfield code="y">LBS1</subfield>
  </datafield>
  <datafield tag="952" ind1=" " ind2=" ">
    <subfield code="0">0</subfield>
    <subfield code="1">0</subfield>
    <subfield code="2">ddc</subfield>
    <subfield code="5">1</subfield>
    <subfield code="7">0</subfield>
    <subfield code="8">PD</subfield>
    <subfield code="a">BNPHU</subfield>
    <subfield code="b">BNPHU</subfield>
    <subfield code="c">HD</subfield>
    <subfield code="d">2025-02-06</subfield>
    <subfield code="e">Donado</subfield>
    <subfield code="l">0</subfield>
    <subfield code="o">BNPHU PD RD864.42 H519e</subfield>
    <subfield code="p">2025-0818</subfield>
    <subfield code="r">2025-02-06</subfield>
    <subfield code="t">e.2</subfield>
    <subfield code="w">2025-02-06</subfield>
    <subfield code="y">LBS1</subfield>
    <subfield code="z">Donado por el Colegio Nuestra Se&#xF1;ora de Lourdes</subfield>
  </datafield>
  <datafield tag="952" ind1=" " ind2=" ">
    <subfield code="0">0</subfield>
    <subfield code="1">0</subfield>
    <subfield code="2">ddc</subfield>
    <subfield code="5">6</subfield>
    <subfield code="7">0</subfield>
    <subfield code="8">DS</subfield>
    <subfield code="a">BNPHU</subfield>
    <subfield code="b">BNPHU</subfield>
    <subfield code="c">HD</subfield>
    <subfield code="d">2025-02-06</subfield>
    <subfield code="e">Donado por Ilonka Nacidit Perdomo</subfield>
    <subfield code="l">0</subfield>
    <subfield code="o">BNPHU DS RD864.42 H519e</subfield>
    <subfield code="p">2025-0819</subfield>
    <subfield code="r">2025-02-06</subfield>
    <subfield code="t">e.3</subfield>
    <subfield code="w">2025-02-06</subfield>
    <subfield code="y">LBS1</subfield>
  </datafield>
  <datafield tag="999" ind1=" " ind2=" ">
    <subfield code="c">13677</subfield>
    <subfield code="d">13677</subfield>
  </datafield>
</record>
